000 00405nam a2200145 i 4500
001 24324
003 ES-MaACL
007 t|
008 021217s1914 fr ||||1| fre d
100 1 _aAntokoletz, Daniel.
_921912
245 1 0 _aHistoire de la Diplomatie argentine /
_cpar Daniel Antokoletz.
260 _aParĂ­s :
_b[s.n.,
_c1914] (
_fA. Pedone)
300 _a1 v. ;
_c24 cm.
852 _aES-MaACL
_jB-8758
999 _c24324
_d24324